Ελεύθερος χρόνος των νέων : ψυχαγωγικές και αθλητικές δραστηριότητες
Αποθηκεύτηκε σε:
| Κύριος συγγραφέας: | |
|---|---|
| Μορφή: | Βιβλίο |
| Γλώσσα: | Greek |
| Δημοσίευση: |
Αθήνα :
Εθνικό Κέντρο Κοινωνικών Ερευνών,
1997
|
| Θέματα: | |
| Ετικέτες: |
Προσθήκη ετικέτας
Δεν υπάρχουν, Καταχωρήστε ετικέτα πρώτοι!
|
MARC
| LEADER | 00000nam a2200000 i 4500 | ||
|---|---|---|---|
| 001 | 1/13976 | ||
| 008 | 980407s1997 gre d | ||
| 020 | |a 960-7093-48-8 | ||
| 035 | |1 ΠΑΡ |a 1997 |l 10019244 | ||
| 040 | |a GR-MY-UA |b gre |e aacr | ||
| 041 | 0 | |a gre | |
| 082 | 0 | |a 306.4812 | |
| 100 | 1 | |a Μυριζάκης, Γιάννης Γ. | |
| 245 | 1 | 0 | |a Ελεύθερος χρόνος των νέων : |b ψυχαγωγικές και αθλητικές δραστηριότητες / |c Γιάννης Γ. Μυριζάκης |
| 260 | |a Αθήνα : |b Εθνικό Κέντρο Κοινωνικών Ερευνών, |c 1997 | ||
| 300 | |a 132 σ. | ||
| 504 | |a Περιέχει βιβλιογραφία | ||
| 650 | 0 | 0 | |a Leisure. |
| 650 | 0 | 0 | |a Youth |x Employment |z Greece. |
| 650 | 0 | 0 | |a Youth |x Conduct of life |z Greece. |
| 852 | |a INST |b LESVOS |e 19980604 |h 306.4812 ΜΥΡ |p 005100013945 |q 005100013945 |t BK |y 0 | ||
| 852 | |a INST |b LESVOS |e 19980407 |h 306.4812 ΜΥΡ |p 005100014953 |q 005100014953 |t BK |y 0 | ||
| 901 | |a BIBL-1998-2 | ||
| 909 | |a Λ |b 051611 | ||
| 909 | |a Λ |b 057093 | ||
| 922 | |a 1ΕΛΗ |b 199805 |c ΚΠΣ/ΤΚ |d EMVASIS | ||
| 950 | |a 103-1998-02-03 | ||